LEADER 00713naa a2200133 i 4500 001 000000329178 003 CaOOAMICUS 005 20180831173615.0 008 180831n it u000 u ita u 013 $a40822 040 $aSeMil$bita 245 10$aChiese Parrocchiali esistenti ; Chiese Parrocchiali in costruzione ; Chiese Parrocchiali da fare o da rifare. - [1] c. di tav. ; 76x64 cm. 773 0 $tIndagine statistica su alcuni elementi che influiscono sulla efficacia del ministero parrocchiale.$dMilano : Assistenti ACLI, 1954.$g$w()256080 996 $6245$aChiese Parrocchiali esistenti ; Chiese Parrocchiali in costruzione ; Chiese Parrocchiali da fare o da rifare. - [1] c. di tav. ; 76x64 cm.$9(OLS)http://semarc/title/417687 LEADER 00984nam a2200241 i 4500 001 000000247927 003 CaOOAMICUS 005 20160323000000.0 008 160323s2016 it u000 u ita u 013 $a226832 020 $a978-88-97163-831 040 $aSeMil$bita 100 1 $aMantegazza, Daniele <1948- >.$0(OLS)http://semarc/name/40056 245 10$aCantico dei cantici /$cDaniele Mantegazza. 260 $aMozzate (Como) :$bWinGraFF,$c2016. 300 $a67 p. ;$c18 cm. 650 4$aBibbia. Antico Testamento. Cantico dei Cantici - Commentari, studi, critica, interpretazioni.$0(OLS)http://semarc/subject/5490 850 $aSeMil 852 $aSeMil$W1$xVenegono$y1$m2Z I 10$j198273$B198273$CSeMilBibl$Z2$F209958 $81 961 $aOmaggio: Autore 996 $6020$a978-88-97163-831$9(OLS)http://semarc/number/257426 996 $6245$aCantico dei cantici$9(OLS)http://semarc/title/303579 996 $6260$aMozzate (Como) :$bWinGraFF$9(OLS)http://semarc/publisher/50415